000 00927nam a2200229 a 4500
001 54683
003 BD-RjUL
005 20211209080144.0
008 161108s1982 ii ||||| |||| 00| 0 ben d
035 _a(BD-RjUL)54805
040 _aBD-RjUL
_bben
_cBD-RjUL
_dBD-RjUL
041 _aben
082 _223
_a782.42162
_bMAY 1982
245 0 0 _aময়মনসিংহ গীতিকা /
_cসুখময় মুখপাধ্যায় সম্পাদিত
250 _aপরিবর্ধিত ও পরিমার্জিত ২য় সং.
260 _aকলকাতা :
_bভারতী বুক স্টল,
_c১৯৮২
300 _axiv, ১৪০ পৃ. ;
_c২১ সেমি.
650 _aপল্লীগীতি
_9117897
650 _aFolk song
_9121552
700 _aমুখোপাধ্যায়, সুখময়
_9136598
_qসম্পাদিত
942 _2ddc
_cBK
999 _c54683
_d54683